000 01832nam a2200253Ia 4500
003 CO-CtgCURN
005 20250410233330.0
008 190722s2003 xx f 000 0 spa d
020 _a9586762254
040 _aCO-CtgCURN
_bspa
_ccoctgcurn
082 _a340.1
_bP438
100 _aPérez Vieda, Gustavo
_91222
245 0 _aLógica :
_bpara estudiantes de derecho /
_cGustavo Pérez Vieda
260 _aBogotá, Colombia :
_bEdiciones Doctrina y Ley,
_c2003
300 _a327 páginas ;
_c24 centímetros.
505 _aCap.1. Lógica y conocimiento -- Cap.2. Introducción al pensamiento filosófico -- Cap.3. Acerca de la naturaleza de la filosofía -- Cap.4. Nuevas direcciones de la lógica -- Cap.5. El universo de la lógica -- Cap.6. La nueva lógica -- Cap.7. Historia de la lógica moderna -- Cap.8. Características de la lógica actual -- Cap.9. Finalidad y objeto de la lógica -- Cap.10. La formalidad de la lógica -- Cap.11. La lógica, teoría de inferencia correcta -- Cap.12. Sobre los actos y operaciones mentales -- Cap.13. La clasificación -- Cap.14. Los conceptos jurídicos -- Cap.15. Del juicio y la proposición -- Cap.16. La verdad como propiedad principal del juicio -- Cap.17. De los grados de asentimiento o estados de la mente frente a la verdad -- Cap.18. De los juicios y las proposiciones en el derecho -- Cap.19. Del razonamiento y la argumentación -- Cap.20. El razonamiento jurídico -- Cap.21. Del razonamiento inductivo -- Cap.22. Del razonamiento analógico.
521 _aAREA PROFESIONAL
590 _aPrograma de Derecho_18
650 _aArgumentación jurídica
_91223
650 _aLógica
_91224
942 _cBK
_h340.1
_iP438
_2ddc
_n0
999 _c28113
_d28113